Myths and symbolism in the plays of Tennessee Williams / (Record no. 54615)

MARC details
000 -LEADER
fixed length control field 00981nam a22002177a 4500
005 - DATE AND TIME OF LATEST TRANSACTION
control field 20110801122515.0
010 ## - LCCN (DPL NO)
LC control number B-423750
020 ## - INTERNATIONAL STANDARD BOOK NUMBER
International Standard Book Number 9788189161040
Terms of availability 650.00
035 ## - SYSTEM CONTROL NUMBER
System control number B-423750
037 ## - SOURCE OF ACQUISITION
Source of stock number/acquisition Allied Publishers
082 ## - DEWEY DECIMAL CLASSIFICATION NUMBER
Classification number 882.08
100 ## - MAIN ENTRY--PERSONAL NAME
Personal name Sugarwala, Fatima T.
245 ## - TITLE STATEMENT
Title Myths and symbolism in the plays of Tennessee Williams /
Statement of responsibility, etc by Fatima T. Sugarwala
260 ## - PUBLICATION, DISTRIBUTION, ETC. (IMPRINT)
Place of publication, distribution, etc New Delhi
Name of publisher, distributor, etc Adhyayan Publishers & Distributors
Date of publication, distribution, etc 2004
270 ## - ADDRESS
Address L-9 B, Street No. 42, Sadatpur Extension,
City Delhi
Postal code 110094
300 ## - PHYSICAL DESCRIPTION
Extent 312p.
Dimensions 24cm(Hb)
500 ## - GENERAL NOTE
General note Includes bibliogoraphical references and index
942 ## - ADDED ENTRY ELEMENTS (KOHA)
Source of classification or shelving scheme Dewey Decimal Classification
Item type English Books
Call number suffix SUG
Classification part 882.08
Holdings
Withdrawn status Lost status Not for loan Collection code Home library Current library Date acquired Source of acquisition Cost, normal purchase price Full call number Barcode Copy number Cost, replacement price Koha item type
      Non-fiction Central Library Central Library 11/08/2011 Allied Publishers/CR/0002704/17.3.11/75/4.3.11/17.3.11 650.00 882.08 SUG B-423750 1 650.00 English Books

© Delhi Public Library
Hit Counter
free hit counter